000 00342nam a22001457a 4500
008 221212b ||||| |||| 00| 0 eng d
020 _a9780471192619
041 _aeng
080 _2THIRD EDITION
_a34
082 _a34TIM
100 _a32.1
101 _aJURE
245 _aETHCS AND LAW FOR SCHOOL PSYCHOLOGY
_cTIMM J S
942 _2udc
_cBK
999 _c59171
_d59171